The chinese property rights law 2007
Збережено в:
| Автори: | , |
|---|---|
| Формат: | Книга |
| Мова: | Англійська |
| Опубліковано: |
Berlín
Logos
2010
|
| Редагування: | 1a. ed |
| Серія: | Immobilienbewertung und Immobilienrecht bei Internationalen Investitionen, 4
|
| Предмети: | |
| Теги: |
Додати тег
Немає тегів, Будьте першим, хто поставить тег для цього запису!
|
MARC
| LEADER | 00000cam a2200000 a 4500 | ||
|---|---|---|---|
| 001 | UCC6444 | ||
| 003 | CL-VaPUC | ||
| 008 | 181207e20100000gw |||||||||||||||||eng|d | ||
| 020 | |a 9783832525323 | ||
| 082 | 0 | 4 | |a 341.758 |b NAN |2 21 |
| 100 | 0 | |a Nann, Werner |e author |9 600904 | |
| 700 | 0 | |a Keilbach, Dominik |e author |9 600905 | |
| 245 | 1 | 4 | |a The chinese property rights law 2007 |
| 250 | |a 1a. ed | ||
| 300 | |a 60 p | ||
| 942 | |c BK | ||
| 945 | |d 20181207 13:37:00 |a dcastane | ||
| 260 | |a Berlín |b Logos |c 2010 | ||
| 650 | 0 | |a Derecho de propiedad |9 256450 | |
| 650 | 7 | |a DERECHO CHINO |2 CL-VaPUC |9 400975 | |
| 583 | |a last modification |c 20181207 13:37:00 |k Rodrigo Vera | ||
| 490 | 0 | |a Immobilienbewertung und Immobilienrecht bei Internationalen Investitionen, 4 | |
| 999 | |c 373392 |d 373390 | ||
| 952 | |0 0 |1 0 |3 erb |4 0 |6 341_758000000000000_NAN_2010 |7 0 |8 A |9 491493 |a BIBDER |b BIBDER |i 5522099 |o 341.758 NAN 2010 |p 5522099 |r 2023-01-25 |w 2019-11-24 |y BK |z Catalogado en:20181207 |k DER | ||